| 000 | 00894cam a2200253 4500 | ||
|---|---|---|---|
| 008 | 090401t1997 xxu||||| |||| 00| 0 eng d | ||
| 020 | _a0632041374 | ||
| 035 | _a(Sirsi) u86877 | ||
| 041 | _aeng | ||
| 050 | _a338.181 | ||
| 100 | _aBrassley, Paul | ||
| 245 | _aAgricultural economics and the CAP: an introduction. | ||
| 260 |
_aOxford _bBlackwell Science _c1997 |
||
| 300 | _aiv,172p. ; 24cm. | ||
| 350 | _a12.99 | ||
| 520 | _aA simple and concise guide to the economics of the agricultural industry and the Common Agricultural Policy, this work looks at such aspects as agricultural outputs, international trade and farm incomes. Also provides an outline of the main feature of CAP. | ||
| 650 | _aAGRICULTURAL PRODUCTION | ||
| 650 | _aCAP | ||
| 650 | _aCOMMON AGRICULTURAL POLICY | ||
| 650 | _aFARM INCOMES | ||
| 690 | _aRURAL PRACTICE | ||
| 942 | _n0 | ||
| 948 | _c17/06/1998 | ||
| 999 |
_c97190 _d97190 |
||